| 000 | 02067nab a2200289 i 4500 | ||
|---|---|---|---|
| 003 | BR-BrBNA | ||
| 005 | 20260402110717.0 | ||
| 008 | 260402b2019 bl.qr|pooa||| 00| 0 eng | | ||
| 040 |
_aBR-BrBNA _beng |
||
| 072 |
_aF04 _b1190 |
||
| 072 | _aF01 | ||
| 100 | _aAraújo, James Maciel de | ||
| 100 | _aAndrade Neto, Romeu de Carvalho | ||
| 100 | _aOliveira, João Ricardo de | ||
| 100 | _aLunz, Aureny Maria Pereira | ||
| 100 | _aAlmeida, Ueliton Oliveira de | ||
| 245 | _aShading And Slow Release Fertilizer Effects On The Growth Characteristics Of Assai Seedlings (Euterpe oleracea) | ||
| 500 | _aPublicação on-line; 43 ref.; 3 tables; 7 illus.; Summary (En) | ||
| 520 | _a ABSTRACT The objective of this work was to evaluate the initial growth of assai seedlings (Euterpe oleraceae) in response to shading and slow release fertilizer. The experiment was conducted at Embrapa Acre in a randomized block design using a 4 × 5 factorial scheme with three replicates and 10 plants per plot. The treatments consisted of four shade environments (20%, 30%, 50% and 75%) and five levels of slow release fertilizer (0.0, 2.5, 5.0, 7.5 and 10.0 kg m–3). The following characteristics were evaluated: plant height, number of leaves, stem diameter, leaf dry mass, stem dry mass, root dry mass, total dry mass, and seedlings quality index. The growth of assai seedlings was influenced by shade environment conditions and slow release fertilizer. Shade environment with 30% or 50% and a dose of 8 kg m–3 resulted in better quality seedlings. Keywords: Western Amazon, mineral nutrition, palm. | ||
| 650 | _aEUTERPE OLERACEA | ||
| 650 | _aAMAZÔNIA OCIDENTAL | ||
| 650 | _aFERTILIDADE DO SOLO | ||
| 773 | 0 |
_02929 _9347952 _dRio de Janeiro-RJ Instituto de Florestas - UFRRJ 1994 _o2025-0451 _tFloresta e Ambiente (Brazil) _x1415-0980 / ISSN 2179-8087 0nline _gv. 26(2) p. 1-10; (2019) _wBR2026000261 |
|
| 856 | _uhttps://www.scielo.br/j/floram/a/J4vQj5wsSHYSsTtWz7c93CD/?format=pdf&lang=en | ||
| 942 | _cANA | ||
| 999 |
_c341212 _d341212 |
||